| 000 | 00504nam a2200169Ia 4500 | ||
|---|---|---|---|
| 003 | GCL | ||
| 008 | 140319s9999 xx 000 0 ara d | ||
| 040 |
_aGCL / _cGCL |
||
| 082 | 0 | 4 |
_a301.5 _bش ك |
| 100 | 1 | _aشفيق الغبرة | |
| 245 | 1 | 0 |
_aالكويت دراسة فى اليات الدولة القطرية والسلطه والمجتمع / _cشفيق الغبرة |
| 300 | _a241 ص | ||
| 490 | _a | ||
| 650 | 0 | 4 | _aالكويت |
| 650 | 0 | 4 | _aالمنظمات والهيئات |
| 942 |
_2ddc _cBK |
||
| 999 |
_c38580 _d38580 |
||